|
|
|
|
| LEADER |
01317nam a2200289 a 4500 |
| 001 |
696281 |
| 008 |
090430s1999 bg a b 001 0 eng b |
| 020 |
|
|
|a 9843002814
|
| 040 |
|
|
|a DNLM
|c DNLM
|d BD-DhAAL
|
| 082 |
0 |
0 |
|a 614.4
|2 19
|
| 100 |
1 |
|
|a Khan, Abdul Quadir,
|d 1925-
|
| 245 |
1 |
0 |
|a Epidemiology and disease control.
|n Part I,
|p Epidemiology.
|n Part II,
|p Research:
|b an introduction to epidemiology and recent advances in disease control /
|c Abdul Quadir Khan.
|
| 250 |
|
|
|a 2nd ed.
|
| 260 |
|
|
|a Dhaka :
|b A.Q. Khan,
|c 1999.
|
| 300 |
|
|
|a xxxii, 242 p. :
|b ill. ;
|c 24cm
|
| 500 |
|
|
|a Spine title: Epidemiology & disease control.
|
| 500 |
|
|
|a "Breaking-the-chain of transmission"--Cover.
|
| 504 |
|
|
|a Includes bibliographical references and index.
|
| 541 |
1 |
|
|e 00007061
|
| 650 |
|
0 |
|a Communicable Disease Control
|
| 650 |
|
0 |
|a Communicable Diseases
|
| 650 |
|
0 |
|a Epidemiology
|
| 650 |
|
0 |
|a Health Planning
|
| 852 |
4 |
|
|a Ayesha Abed Library
|j General shelf
|
| 999 |
|
|
|c 8737
|d 8737
|
| 952 |
|
|
|0 0
|1 0
|2 ddc
|4 0
|6 614_400000000000000_KHA_1999
|7 0
|9 10556
|a BRACUL
|b BRACUL
|c GEN
|d 2010-05-30
|l 1
|m 1
|o 614.4 KHA
|p 3010007061
|r 2026-05-12
|s 2026-05-05
|t 1
|w 2010-05-30
|y BK
|
| 952 |
|
|
|0 0
|1 0
|2 ddc
|4 0
|6 614_400000000000000_KHA_1999
|7 0
|9 10557
|a BRACUL
|b BRACUL
|c GEN
|d 2010-05-30
|l 2
|m 45
|o 614.4 KHA
|p 3010006948
|r 2024-10-29
|s 2024-07-08
|t 2
|w 2010-05-30
|y BK
|